000 00262 a2200133 4500
001 155787
040 _cEscola São Tomás de Aquino
100 _aZATZ, Lia
240 1 0 _aTarsila
_lpor
245 1 0 _aTarsila
362 0 _a1995
697 _aArtes
942 _cBK
999 _c155787
_d155787